History Quiz

Random History or Famous Quiz

Famous Apologies Quiz Stats

 Plays Quiz Updated Oct 15, 2012

Also try: Famous Quotes
Challenge
Share
Tweet
Embed
Score 0/18 Timer 05:00
1 Play Today
Excerpt Famous Person % Correct
What I want the American people to know, what I want the Congress to know, is that I am profoundly sorry for all I have done wrong in words and deeds.Bill Clinton
86.1%
I've told Rihanna countless times and I'm telling you today, I'm truly, truly sorry that I wasn't able to handle the situation both differently and better.Chris Brown
73.2%
I told him I was sorry for the humiliation suffered by the Iraqi prisoners and the humiliation suffered by their families.George W. Bush
72.3%
I wasn't saying that the Beatles were better than God or Jesus or Christianity.John Lennon
65.8%
The President made an off-hand remark making fun of his own bowling that was in no way intended to disparage the Special Olympics.Barack Obama
64.1%
I want to apologize specifically to everyone in the Jewish community for the vitriolic and harmful words that I said to a law enforcement officer the night I was arrested.Mel Gibson
63.8%
I would say only that if some of my judgments were wrong, and some were wrong, they were made in what I believed at the time to be the best interest of the Nation.Richard Nixon
63%
As you may know, I have apologised to Mrs Duffy for remarks I made in the back of the car after meeting her on the campaign trail in Rochdale today.Gordon Brown
58.8%
I want to personally apologize to commissioner Goodell, Arthur Blank, coach Bobby Petrino, my Atlanta Falcons teammates...Michael Vick
52.9%
Excerpt Famous Person % Correct
I would say of George Bush, in my moment of frustration, I didn’t have the grounds to call him a racist.Kanye West
43.1%
For me to be at a comedy club and to flip out and say this crap, I'm deeply, deeply sorry.Michael Richards
40%
I was unfaithful. I had affairs. I cheated. What I did was not acceptable.Tiger Woods
37.7%
Today, as I mentioned, I felt morally obligated to plead guilty to the charge of leaving the scene of an accident.Ted Kennedy
37%
I can't say I'm sorry enough to everybody in baseball and across America, and whoever watches this great game.Mark McGwire
24.4%
I sincerely apologize to anyone who was offended by my attempt at humor regarding the tragedy in Japan. I meant no disrespect, & my thoughts are with the victims & their families.Gilbert Gottfried
19.1%
And so the bottom line is this: I have been unfaithful to my wife. I developed a relationship with a -- what started out as a dear, dear friend from Argentina.Mark Sanford
13.9%
I sincerely regret that my words were misinterpreted to wrongly imply anything negative about those in uniform, and I personally apologize to any service member...John Kerry
11.3%
I come before you to offer myself to the judgment of the powers you represent, as one to bear sole responsibility for every political and military decision made by my nation... Emperor Hirohito
6.8%

You're not logged in!

Compare scores with friends on all Sporcle quizzes.
Join for Free
OR
Log In

You Might Also Like...

Show Comments

Extras

Top Quizzes Today


Score Distribution

Your Account Isn't Verified!

In order to create a playlist on Sporcle, you need to verify the email address you used during registration. Go to your Sporcle Settings to finish the process.

Report this User

Report this user for behavior that violates our Community Guidelines.

Details: